00692cam a22002171i 4500001001300000003000400013005001700017008004100034010001700075025002100092035002000113040001700133042001200150050002500162110005300187245010000240260006000340300002100400650003600421999001700457sa 68020687 DLC20260227112726.0920724s1964 io 100 0 ind  asa 68020687  aPL2480:Indo-3593 a(OCoLC)26253631 aDLCcCUdDLC apremarc00aDS632.3.C5bB32 19642 aBadan Permusyawaratan Kewarganegaraan Indonesia.10aMadju terus, pantang mundur :bmateri² Konperensi Pleno I Baperki di Semarang, September 1963. a[Djakarta] :bBagian Penerbitan, Baperki Pusat,c[1964] a136 p. ;c22 cm. 0aChinesezIndonesiavCongresses. c89559d89559